00824nam a22003017b 4500001000900000003000900009005001700018007000900035008004000044016001300084017000900097020001800106035000600124040002500130080000600155082002300161100003000184245004800214260003300262300002200295490002900317586003700346586004100383650002200424650002200446700002400468830003000492 002126 DO-SdBNP20180205144546.0 002126 060904s2010 sp | ||| ||spa 7 a 2BPMSU a b  a9788466324144 a  aBPMSUbspacBPMSUe  0a  2 aA863.6 bN489v aNeuman, Andrés, d1977-00a El viajero del siglo /h cAndrés Neuman aMadrid : bAlfaguara, c2010 a 586 p. : c21 cm1 aPunto de lectura v406/1 aPremio Alfaguara de Novela 2009. aPremio nacional de la crítica 2010 aNOVELA ARGENTINA  aVIAJES vNOVELA 1 aAnsolabehere, Pablo 0a Punto de lectura v406/1